000 00993njm a22002657a 4500
005 2010091005325.0
007 sd ammalaaahaa
008 100901t xxu||||| |||| 00| 0 hin d
028 _aN.55567
_bHis Master's Voice
028 _aOJE.27005
_bHis Master's Voice
035 _aGR-01804
040 _aSED/VEN
100 _917815
_aRafi, Mohd.
245 _aBrahmchari /
_cby Mohd. Rafi : Music by Shankar jaikishan
_h[sound recording] :
_bHindustani
246 _aब्रह्मचारी (मोहद.रफ़ी)
260 _aDum Dum, India
_bHis Master's Voice
_c1967
300 _a1 sound disc :
_banalog, 33 1/3 rpm
_c10 in.
500 G _aBrief record
505 _aSide-1 Main Gaaoo tum so gao (Sad-Happy) (मैं गाऊ तुम सो जाओ)
650 _aClassical music
_xExcerpts
_zIndia
_917813
700 _918219
700 _918220
_aShankar Jaikishan
942 _2ddc
_cGR
999 _c44957
_d44957